| 000 | 01064nam a2200373 a 4500 | ||
|---|---|---|---|
| 001 | vtls000002860 | ||
| 003 | NLI | ||
| 005 | 20210601180429.0 | ||
| 008 | 101125s1953 enk 001 0 eng | ||
| 039 | 9 |
_y201011250009 _zVLOAD |
|
| 040 | 0 |
_aNLI _beng _cVERGIS-2003 |
|
| 041 | 0 | _aeng | |
| 044 | _aenk | ||
| 082 | 0 | 4 | _a610.7365 |
| 100 | 1 |
_aRudd, T.N _q(Thomas Newton) _d1906- _919198 |
|
| 245 | 1 | 4 |
_aThe Nursing of the elderly sick: _ba practice handbook of generic nursing/ _cT.N. Rudd |
| 250 | _a2nd ed. | ||
| 260 |
_aLondon: _bFaber and Faber, _c1953 |
||
| 300 |
_a108 p.; _c18 cm. |
||
| 500 | _aIncludes index | ||
| 650 | 0 |
_aGeriatric nursing _919199 |
|
| 650 | 0 |
_aNutrition disorders in old age _919200 |
|
| 650 | 0 |
_aSurgery _919201 |
|
| 650 | 0 |
_aAged _xDiseases _913366 |
|
| 887 | _aA.Kannan | ||
| 901 |
_aG 15587 _b16/11/1967 |
||
| 902 | _aE 610.7365 R 831 | ||
| 903 | _a12/02/2004 | ||
| 904 | _aA.Kannan | ||
| 906 | _a000589 | ||
| 949 |
_AVIRTUAITEM _D10000 _F1 _X100 _6GXX000015587ENG _aE 610.7365 R831 |
||
| 942 |
_2ddc _cBKS |
||
| 999 |
_c8754 _d8754 |
||